THE COMPLETE WORKS OF WILLIAM SHAKESPEARE (Record no. 3606)
[ view plain ]
| 000 -LEADER | |
|---|---|
| fixed length control field | 00311nam a22001337a 4500 |
| 020 ## - INTERNATIONAL STANDARD BOOK NUMBER | |
| ISBN | 1-85534-997-3 |
| 082 ## - DEWEY DECIMAL CLASSIFICATION NUMBER | |
| Classification number | 822 |
| Item number | SHA/C |
| 100 ## - MAIN ENTRY--AUTHOR NAME | |
| Personal name | SHAKESPEARE,WILLIAM |
| 245 ## - TITLE STATEMENT | |
| Title | THE COMPLETE WORKS OF WILLIAM SHAKESPEARE |
| 260 ## - PUBLICATION, DISTRIBUTION, ETC. (IMPRINT) | |
| Place of publication | SCOTLAND |
| Name of publisher | GEDDES & GROSSET |
| 300 ## - PHYSICAL DESCRIPTION | |
| Number of Pages | 751 |
| 650 ## - SUBJECT ADDED ENTRY--TOPICAL TERM | |
| Geographic subdivision | SCOTLAND |
| 942 ## - ADDED ENTRY ELEMENTS (KOHA) | |
| Koha item type | Books |
| Withdrawn status | Lost status | Collection code | Home library | Current library | Shelving location | Date acquired | Source of acquisition | Full call number | Accession Number | Koha item type |
|---|---|---|---|---|---|---|---|---|---|---|
| Fiction | Main Library | Main Library | SHELF 16-A- ENGLISH LITERATURE COLLECTION OF WORKS | 02/04/2007 | PURCHASE | 822 SHA/C | 03622 | Books |